Rozpočet rozpočtovej kapitoly Ministerstva práce, sociálnych vecí a rodiny SR, analýza rozpočtového hospodárenia s výhľadom do roku 2011 diplomová práca

Salvato in:
Dettagli Bibliografici
Autore principale: Blanár, Ján
Ente Autore: Národohospodárska fakulta EU. Katedra financií
Altri autori: Baláži, Peter
Natura: Libro
Lingua:slovacco
Pubblicazione: Bratislava 2011
Tags: Aggiungi Tag
Nessun Tag, puoi essere il primo ad aggiungerne!!

MARC

LEADER 00000nbm a2200000 4500
001 0130962
005 20161109101634.5
041 0 |a slo 
044 |a SK 
245 1 0 |a Rozpočet rozpočtovej kapitoly Ministerstva práce, sociálnych vecí a rodiny SR, analýza rozpočtového hospodárenia s výhľadom do roku 2011  |b diplomová práca  |c Ján Blanár ; školiteľ: Peter Baláži 
264 1 |a Bratislava  |c 2011 
300 |a 68 s. 
100 1 |a Blanár, Ján 
700 1 |a Baláži, Peter 
710 2 |a Národohospodárska fakulta EU. Katedra financií